| 000 | 00000nam 2200000za 4500 |
| 001 | 9.843018 |
| 003 | CaOODSP |
| 005 | 20221107152440 |
| 007 | cr ||||||||||| |
| 008 | 170906s2015 onc #o f|0| 0 fre d |
| 040 | |aCaOODSP|bfre |
| 043 | |an-cn--- |
| 086 | 1 |aP54-1/2015F-PDF |
| 245 | 00|a250e anniversaire du receveur général du Canada! |h[ressource électronique]. |
| 260 | |a[Ottawa] : |bTravaux publics et Services gouvernementaux Canada, |c[2015] |
| 300 | |a1 p. |
| 500 | |aPubl. aussi en anglais sous le titre : 250th anniversary of the Receiver General of Canada! |
| 520 | |a« Le receveur général assure l’intégrité du Trésor, accepte et effectue des paiements au nom du gouvernement du Canada et prépare les états financiers du gouvernement, c’est-à-dire les Comptes publics du Canada ». |
| 692 | 07|2gccst|aReceveur général |
| 710 | 1 |aCanada. |bServices publics et approvisionnement Canada. |
| 775 | 08|t250th anniversary of the Receiver General of Canada! |w(CaOODSP)9.840653 |
| 856 | 40|qPDF|s240 Ko|uhttps://publications.gc.ca/collections/collection_2017/spac-pspc/P54-1-2015-fra.pdf |